00424nam a2200157Ia 4500008004100000020000700041082001600048100002400064245001300088250000800101260003600109300003100145500001900176600002100195650005000216240925s9999 xx 000 0 und d aNA a005.133 KAN aKanetkar, Yashavant 0aLet Us C a9th aNew Delhi:bBPB PublicationcNA axxiii,1016p.bNAfOriginal aIncludes Index aComputer Science aComputer science, information & general works